000 01234cam a2200253 4500
001 ABS67863
008 040601n2004 000 0 eng u
035 _a(Sirsi) u126325
100 _aSydenham, A.
245 _aApplications for exclusions and restrictions to access land under the Countryside and Rights of Way Act 2000
260 _c2004
490 _aFarm Tax Brief
_v19(4) May 2004, 6-8(3)
520 _aDiscusses how the public's right of entry to access land may be excluded or restricted. Reasons for exclusions or restrictions include land management and where the landowner needs to take steps to avoid fire risk or danger to the public. Landowners can also apply to restrict or exclude access for up to 28 days in any calendar year. Lists the requirements imposed by the Access to the Countryside (Exclusions and Restrictions) (England) Regulations 2003.
590 _aABS
590 _aABS
650 _aCOUNTRYSIDE AND RIGHTS OF WAY ACT 2000
650 _aACCESS TO THE COUNTRYSIDE (EXCLUSIONS AND RESTRICTIONS) (ENGLAND) REGULATIONS 2003
650 _aRIGHT OF ACCESS
650 _aPUBLIC ACCESS
650 _aRESTRICTIONS
650 _aEXCLUSIONS
690 _aPROPERTY AND LAND LAW
942 _n0
999 _c117422
_d117422